| 000 | 00614nam a2200229 a 4500 | ||
|---|---|---|---|
| 005 | 20150710020002.0 | ||
| 008 | 140127b2006 ck ||||| |||| 00| 0 spa d | ||
| 020 | _a9588151309 | ||
| 041 | _aspa | ||
| 044 | _ack | ||
| 082 | 0 | 4 |
_a574.526 _bR696e2 |
| 090 |
_aIAVH _b00706 |
||
| 100 |
_aRodríguez, Nelly _92387 |
||
| 245 | _aEcosistemas de los Andes colombianos | ||
| 260 |
_aBogotá _bInstituto Alexander von Humboldt _c2006 |
||
| 300 | _a154 p. | ||
| 700 |
_aArmenteras, Dolors _92694 |
||
| 700 |
_aMorales, Mónica _92695 |
||
| 700 |
_aRomero, Milton _94469 |
||
| 942 |
_cCD-ROM _02 _2z |
||
| 945 | _d2007-06-04 | ||
| 999 |
_c5566 _d5566 |
||